LEADER 00650nam a2200169 i 4500 001 000000252656 003 CaOOAMICUS 005 20170126000000.0 008 170126s1891 it u000 u ita u 013 $a231561 040 $aSeMil$bita 245 10$aVol. 6. 300 $aXI, 339 p. 773 0 $aForcella, Vincenzo, <1837-1906>$tIscrizioni delle chiese e degli altri edifici di Milano dal secolo 8. ai giorni nostri.$dMilano : Tipografia Bortolotti di Giuseppe Prato, 1889-1893.$g6$w()5612 850 $aSeMil 852 $aSeMil$W1$xVenegono$y1$m3O III 6 FA$j203002$B203002$CSeMilBibl$Z2$F215723 $8I 996 $6245$aVol. 6$9(OLS)http://semarc/title/108698 LEADER 00537nam a2200145 i 4500 001 000000011332 003 CaOOAMICUS 005 20180830125440.0 008 180830s1930 it u000 u ita u 040 $aSeMil$bita 100 1 $aFornari, Vito,$d<1821-1900>.$0(OLS)http://semarc/name/4711 245 10$aLibro 1. 300 $a2 v. (XXIII, 683 p. ). 773 0 $aFornari, Vito <1821-1900>$tDella vita di Gesł Cristo.$b4. ed.$dTorino ; Milano [etc.] : Societą Editrice Internazionale, 1930.$w()11792 996 $6245$aLibro 1$9(OLS)http://semarc/title/14983 LEADER 01028nam a2200277 i 4500 001 000000152026 003 CaOOAMICUS 005 20220519160033.0 008 060720s1983 it u000 u ita u 013 $a129367 040 $aSeMil$bita 100 1 $aCanali, Luca,$d<1925-2014>.$0(OLS)http://semarc/name/18048 245 13$aIl naufragio /$cLuca Canali ; prefazione e note di Giacinto Spagnoletti. 260 $aMilano :$bRizzoli,$c1983. 300 $a130 p. ;$c18 cm. 490 0 $aBUR. L ;$v435 500 $aContiene : Nota bio-bibliografica. - Fondo Ciprandi. 700 1 $aSpagnoletti, Giacinto.$0(OLS)http://semarc/name/5605 830 0$aBUR ;$v435.$0(OLS)http://semarc/title/440060 850 $aSeMil 852 $aSeMil$W1$xVenegono$y1$m1W I 354$j103987$B103987$CSeMilBibl$Z2$F113073 $81 941 1 $a1 961 $aOmaggio: Ciprandi dott. Paolo 996 $6245$aIl naufragio$9(OLS)http://semarc/title/222212 996 $6260$aMilano :$bRizzoli$9(OLS)http://semarc/publisher/29824